00885 2200301 4500001002100000005001500021035002000036007000300056008004100059020002200100082001500122084001700137100002500154245007800179250002600257300004600283650001300329710003600342264003100378336002100409337003000430338002300460040002200483090002200505850001200527999002200539990002200561INLIS00000000086512920211004100152 a0010-1021000049ta211004s2018 yoia g ind d a978-602-52009-3-904223a372.52 a372.52 AND s0 aAndy, KakePengarang1 aSuper seru mewarnai binatang /cKak Andy; penyunting, Adi Jarot Pamungkas aCetakan pertama, 2018 a[24] halaman :bgamabar berwarna ;c26 cm 4aMewarnai0 aAdi Jarot PamungkasePenyunting31aSleman :bKata Buku,c2018 2rdacontentateks 2rdamediaatanpa perantara 2rdacarrieravolume aYOPDYOGbinderda aCB-D.11 2018-3839 aYOPDYOG aCB-D.11/2018-3839 aCB-D.11/2018-3839